Sports Quiz

Random Sports or NCAA Quiz

Colonial Athletic Association Quiz Stats

 Plays Quiz Updated Sep 27, 2019

Score 0/20 Timer 05:00
0 Plays Today
% Correct
James Madison
62.4%
College of William & Mary
61.8%
Delaware
61.4%
Hofstra
55.9%
Drexel
54.5%
Towson
49.8%
UNC Wilmington
48.2%
Tigers
48.1%
Fightin' Blue Hens
47.8%
Northeastern
47.3%
% Correct
Elon
46.1%
Charleston
44.9%
Tribe
44.9%
Dragons
43.3%
Dukes
42.7%
Pride
39.9%
Cougars
36.7%
Phoenix
35%
Seahawks
34.7%
Huskies
32.4%

You're not logged in!

Compare scores with friends on all Sporcle quizzes.
OR
Log In

Sporcle TV

Today on Sporcle TV


Watch our educational content, quiz creation guides, and fun videos on Sporcle TV.

Show Comments

Extras

Top Quizzes Today


Score Distribution

Your Account Isn't Verified!

In order to create a playlist on Sporcle, you need to verify the email address you used during registration. Go to your Sporcle Settings to finish the process.

Report this User

Report this user for behavior that violates our Community Guidelines.

Details: